Éloquence et vérité intérieure, sous la direction de Carole Dornier et Jürgen Siess, Paris, Honoré Champion, « Colloques, congrès et conférences sur le XVIIIe siècle », no 3, 2002. Un vol. 15,5 × 22 cm de 238 p. (notice n° 1599972)
[ vue normale ]
| 000 -LEADER | |
|---|---|
| fixed length control field | 00663cam a2200145 4500500 |
| 005 - DATE AND TIME OF LATEST TRANSACTION | |
| control field | 20251228082901.0 |
| 041 ## - LANGUAGE CODE | |
| Language code of text/sound track or separate title | fre |
| 042 ## - AUTHENTICATION CODE | |
| Authentication code | dc |
| 100 10 - MAIN ENTRY--PERSONAL NAME | |
| Personal name | Stiker-Métral, C |
| Relator term | author |
| 245 00 - TITLE STATEMENT | |
| Title | Éloquence et vérité intérieure, sous la direction de Carole Dornier et Jürgen Siess, Paris, Honoré Champion, « Colloques, congrès et conférences sur le XVIIIe siècle », no 3, 2002. Un vol. 15,5 × 22 cm de 238 p. |
| 260 ## - PUBLICATION, DISTRIBUTION, ETC. | |
| Date of publication, distribution, etc. | 2005.<br/> |
| 500 ## - GENERAL NOTE | |
| General note | 12 |
| 786 0# - DATA SOURCE ENTRY | |
| Note | Dix-septième siècle | 226 | 1 | 2005-03-01 | p. 165d-186d | 0012-4273 |
| 856 41 - ELECTRONIC LOCATION AND ACCESS | |
| Uniform Resource Identifier | <a href="https://shs.cairn.info/revue-dix-septieme-siecle-2005-1-page-165d?lang=fr&redirect-ssocas=7080">https://shs.cairn.info/revue-dix-septieme-siecle-2005-1-page-165d?lang=fr&redirect-ssocas=7080</a> |
Pas d'exemplaire disponible.




Réseaux sociaux